L'evolution de l'Etat (Record no. 49235)

MARC details
000 -LEADER
campo de control de longitud fija 00532nam a2200157 i 4500
001 - NÚMERO DE CONTROL
campo de control 49235
003 - IDENTIFICADOR DE NÚMERO DE CONTROL
campo de control ES-MaACL
005 - FECHA Y HORA DE LA ÚLTIMA TRANSACCIÓN
campo de control 20230906161917.0
007 - CAMPO FIJO DE DESCRIPCIÓN FÍSICA--INFORMACIÓN GENERAL
campo de control de longitud fija t|
008 - DATOS DE LONGITUD FIJA--INFORMACIÓN GENERAL
campo de control de longitud fija 030711s1933 fr ||||1| fre d
100 1# - ENTRADA PRINCIPAL--NOMBRE DE PERSONA
Nombre de persona Corteano, André.
9 (RLIN) 40839
245 12 - MENCIÓN DEL TÍTULO
Título L'evolution de l'Etat
Resto del título : étude des lois psychologiques de la vie sociale et economique /
Mención de responsabilidad, etc. André Corteano ; préface de Lucien Romier.
260 ## - PUBLICACIÓN, DISTRIBUCIÓN, ETC.
Lugar de publicación, distribución, etc. Paris :
Nombre del editor, distribuidor, etc. Payot,
Fecha de publicación, distribución, etc. 1933 (
Lugar de fabricación/manufactura Saint-Denis :
Fabricante Imp. J. Dardaillon)
300 ## - DESCRIPCIÓN FÍSICA
Extensión 232 p. ;
Dimensiones 23 cm.
852 ## - LOCALIZACIÓN
Ubicación ES-MaACL
Número de control de estantería A-1520
Holdings
Estatus retirado Estado de pérdida Estado de daño No para préstamo Biblioteca de origen Biblioteca actual Ubicación en estantería Fecha de adquisición Fuente de adquisición Total de préstamos Signatura topográfica completa Código de barras Visto por última vez Precio de reemplazo Tipo de ítem Koha
        Biblioteca del Ateneo de Madrid Biblioteca del Ateneo de Madrid Sala Pecera Planta 1 17/01/2008     A-1520 1051810 23/02/2023 23/02/2023 Libro impreso